<?xml version="1.0" encoding="UTF-8"?><?xml-stylesheet type="text/xsl" href="static/style.xsl"?><OAI-PMH xmlns="http://www.openarchives.org/OAI/2.0/" xmlns:xsi="http://www.w3.org/2001/XMLSchema-instance" xsi:schemaLocation="http://www.openarchives.org/OAI/2.0/ http://www.openarchives.org/OAI/2.0/OAI-PMH.xsd"><responseDate>2026-06-01T02:18:08Z</responseDate><request verb="GetRecord" identifier="oai:riuma.uma.es:10630/40453" metadataPrefix="marc">https://riuma.uma.es/rest/oai/request</request><GetRecord><record><header><identifier>oai:riuma.uma.es:10630/40453</identifier><datestamp>2026-02-03T10:53:19Z</datestamp><setSpec>com_10630_2254</setSpec><setSpec>col_10630_37953</setSpec></header><metadata><record xmlns="http://www.loc.gov/MARC21/slim" xmlns:dcterms="http://purl.org/dc/terms/" xmlns:doc="http://www.lyncode.com/xoai" xmlns:xsi="http://www.w3.org/2001/XMLSchema-instance" xsi:schemaLocation="http://www.loc.gov/MARC21/slim http://www.loc.gov/standards/marcxml/schema/MARC21slim.xsd">
   <leader>00925njm 22002777a 4500</leader>
   <datafield ind2=" " ind1=" " tag="042">
      <subfield code="a">dc</subfield>
   </datafield>
   <datafield ind2=" " ind1=" " tag="720">
      <subfield code="a">Ridwan, Mochamad</subfield>
      <subfield code="e">author</subfield>
   </datafield>
   <datafield ind2=" " ind1=" " tag="720">
      <subfield code="a">Syam Tuasikal, Abdul Rachman</subfield>
      <subfield code="e">author</subfield>
   </datafield>
   <datafield ind2=" " ind1=" " tag="720">
      <subfield code="a">Januarumi Marhaendra, Fransisca</subfield>
      <subfield code="e">author</subfield>
   </datafield>
   <datafield ind2=" " ind1=" " tag="720">
      <subfield code="a">Oky Ristanto, Kolektus</subfield>
      <subfield code="e">author</subfield>
   </datafield>
   <datafield ind2=" " ind1=" " tag="720">
      <subfield code="a">Gazali, Novri</subfield>
      <subfield code="e">author</subfield>
   </datafield>
   <datafield ind2=" " ind1=" " tag="720">
      <subfield code="a">Monterrosa-Quintero, Armando</subfield>
      <subfield code="e">author</subfield>
   </datafield>
   <datafield ind2=" " ind1=" " tag="720">
      <subfield code="a">Gil-Espinosa, Francisco Javier</subfield>
      <subfield code="e">author</subfield>
   </datafield>
   <datafield ind2=" " ind1=" " tag="720">
      <subfield code="a">Raman, Arumugam</subfield>
      <subfield code="e">author</subfield>
   </datafield>
   <datafield ind2=" " ind1=" " tag="720">
      <subfield code="a">Setiawan, Edi</subfield>
      <subfield code="e">author</subfield>
   </datafield>
   <datafield ind2=" " ind1=" " tag="260">
      <subfield code="c">2023-09-15</subfield>
   </datafield>
   <datafield ind2=" " ind1=" " tag="520">
      <subfield code="a">After the COVID-19 period, academic achievement among elite student-athletes has not shown any improvement and it is not yet known exactly the main factors that contributed to academic achievement. In addition, limited evidence in previous research that analyzed the relationship between technological and psychological readiness with academic achievement among elite student athletes at the college level became a gap in this study. Therefore, this study investigated the relationship between technological and&#xd;
psychological readiness variables and academic achievement. Correlational research was adopted in this study which involved eightyfive elite first-year student-athletes from the Universitas Negeri Surabaya (Indonesia). Technological and psychological readiness was measured using a questionnaire while academic achievement was measured by filling out questions about soccer, basketball and volleyball.&#xd;
Spearman's rank was used to investigate the relationship of each variable. We observed several findings in this study. First, there was a relationship between the variable technological readiness and academic achievement. Second, there was a psychological relationship between academic achievement. Third, there was relationship between technological and psychological readiness and academic&#xd;
achievement. Thus, we highlight that the level of academic achievement among elite student athletes in the first year was closely related to technological and psychological readiness.</subfield>
   </datafield>
   <datafield ind1="8" ind2=" " tag="024">
      <subfield code="a">Ridwan, M. ., Syam Tuasikal, A. R., Januarumi Marhaendra, F., Oky Ristanto, K. ., Gazali, N. ., Monterrosa-Quintero, A., Javier Gil-Espinosa, F. ., Raman, A. ., &amp; Setiawan, E. . (2023). ¿La preparación tecnológica y la psicología se correlacionan con el rendimiento académico de los estudian-tes-atletas de élite a nivel universitario? (Technology Readiness and Psychological Correlate with Academic Achievement of Elite Student-Athletes at the College Level?). Retos, 50, 628-634. https://doi.org/10.47197/retos.v50.99398</subfield>
   </datafield>
   <datafield ind1="8" ind2=" " tag="024">
      <subfield code="a">https://hdl.handle.net/10630/40453</subfield>
   </datafield>
   <datafield ind1="8" ind2=" " tag="024">
      <subfield code="a">10.47197/retos.v50.99398</subfield>
   </datafield>
   <datafield tag="653" ind2=" " ind1=" ">
      <subfield code="a">Estudiantes</subfield>
   </datafield>
   <datafield tag="653" ind2=" " ind1=" ">
      <subfield code="a">Atletas</subfield>
   </datafield>
   <datafield tag="653" ind2=" " ind1=" ">
      <subfield code="a">Rendimiento académico</subfield>
   </datafield>
   <datafield ind2="0" ind1="0" tag="245">
      <subfield code="a">Technology Readiness and Psychological Correlate with Academic Achievement of Elite Student- Athletes at the College Level?</subfield>
   </datafield>
</record>
</metadata></record></GetRecord></OAI-PMH>